00911nam a22002057a 4500003000500000005001700005008004100022020002900063040001900092041001200111082001900123100001900142245003600161260005600197300002100253500005200274520032900326521002300655700002700678322820251021101539.0251021b sa ||||| |||| 00| 0 eng d a9781770106178qpaperback amplc3228erda aEnglish 0a920.02082 KUZW aKuzwayo, Ellen aCall me a womancKuzwayo, Ellen aJohannesburg: bPan Macmillan South Africa, c2018. a306 pagesc20 cm aDescription based upon print version of record. aThis remarkable autobiography refuses to lose focus only on the author, for it draws on the unrecorded history of a whole people. In telling her own personal and political story over 70 years. Ellen Kuzwayo speaks for, and with, the women among whom she worked and lived. Their courage and dignity remain a source of wonder. aAdult non -fiction aKuzwayo, Elleneauthor